| 000 | 00582nam a2200157Ia 4500 | ||
|---|---|---|---|
| 008 | 210716s2001 xx 000 0 und d | ||
| 020 | _a0814405991 | ||
| 041 | _aeng | ||
| 082 | _a658.85 SNYD | ||
| 100 | _aSnyder, David P. | ||
| 245 |
_aHow to mind read your customers: using insights from psychology to increase sales and develop better business relationships. _bUsing insights from psychology to increase sales and develop better business relationships |
||
| 250 | _a1 | ||
| 260 |
_aNew York _bAmerican Management Association _c2001 |
||
| 300 | _ax,212 | ||
| 650 | _aMarketing | ||
| 999 |
_c197977 _d197977 |
||